QCM Séries TV en 20 questions - Statistiques

Statistiques générales
  • Ce quiz a été pris 145 fois
  • Le résultat moyen est 9 sur 20
Statistiques - réponses
Question Réponse % Correct
Dans quelle série sévit "le Boucher de Bay Harbor" ? Dexter
73%
Laquelle de ces propositions n est pas un personnage de Camping Paradis ? Bertrand Batier
68%
Au début de Prison Break, pour le meurtre de quel personnage Lincoln Burrows a t il été jugé coupable et condamné à mort ? Terrence Steadman
63%
Dans quelle série Gary Clark, le mari d’une patiente décédée, se pointe à l’hôpital avec une arme et fait une fusillade ? Grey's Anatomy
60%
Comment s'appelle la soeur de Loïs dans Malcolm ? Susan
53%
Dans quelle série aperçoit on l'inscription "You'll burn for this" (« tu brûleras pour ça ») sur une église ? The Walking Dead
53%
Dans la série Suits : Avocats sur mesure, quel personnage est incarné par Meghan Markle ? Rachel Zane Ross
50%
Dans Friends, qui dit "Cours Yasmine ! Cours, ça te donne bonne mine !” Chandler
48%
Kimberly : "Jane a de la chance de t'avoir." Michael : "En ce moment je ne pense pas qu'elle le pense." Kimberly : "Ah eh bien je crois qu'elle a tort." De quelle série vient ce dialogue ? Melrose Place
48%
Quelle série a pour premier épisode "Plage à vendre" ? Sous le soleil
48%
Dans la Casa de Papel, quel est l'autre nom du personnage de Tokyo ? Silene Oliveira
40%
Dans Game Of Thrones, qui dit à Euron Greyjoy "Si vous voulez une pute, prenez-la. Si vous voulez une reine, gagnez-la." Cersei Lannister
38%
Quelle proposition est un homme politique français et aussi un personnage (sans rapport) de la série Les Mystères de l'Amour ? Claude Guéant
38%
Laquelle de ces propositions n est pas un personnage de X-Files: Aux frontières du réel ? Mr Big
38%
En quelle année démarre l intrigue de Stranger Things (disparition de Will Byers) ? 1983
35%
Comment s appelle la mère de Buffy dans la série Buffy Contre les Vampires ? Joyce Summers
33%
Quentin Tarantino a réalisé le 24e épisode d'Urgences (E.R), il a aussi réalisé les épisodes 24 et 25 de la saison 5 de quelle série ? Les Experts (CSI)
30%
Comment s'appelle la ville au bord de mer, théâtre de l épisode 4 de la saison 3 de Black Mirror ? San Junipero
23%
Dans la série The Boys, quel autre nom porte Stella, membre des Sept ? Annie January
20%
Dans quelle série Léonard Vassago meurt brûlé vif par son épouse ? Plus Belle la Vie
8%
Aucun quiz correspondant
Distribution des résultats
% des personnes avec chaque résultat
Percentile par nombre de réponses
Votre historique - résultats
Vous n’avez pas pris ce quiz